| 000 | 01816nam0a2200373 4500 | ||
|---|---|---|---|
| 001 | RU\NLR\bibl\1048266 | ||
| 005 | 20250615033231.0 | ||
| 010 |
_a5-17-036360-5 _bАСТ |
||
| 010 |
_a5-9713-3586-3 _bАСТ МОСКВА |
||
| 010 |
_a5-9762-0158-X _bХранитель _93500 |
||
| 021 |
_aRU _b2006-88070 _94462 |
||
| 035 | _a(nilc)RSL-KNO-003019314 | ||
| 035 | _a(NLR Aleph) 001035604 | ||
| 090 |
_a786206 _c786206 |
||
| 100 | _a20070117d2007 |||y0rusy50 ca | ||
| 101 | 1 |
_arus _ceng |
|
| 102 | _aRU | ||
| 105 | _ay ||||||||| | ||
| 200 | 1 |
_aСо стыда провалиться _e[невыдуманные писательские истории _eсборник _fсост. Р. Робертсон _gпер. с англ. Н. Сечкиной] |
|
| 210 |
_aМосква _cАСТ _cХранитель _d2007 [т.е. 2006] |
||
| 215 |
_a350 с. _d17 |
||
| 225 | 1 | _aАльтернатива | |
| 300 | _aКн. фактически изд. в 2006 г. | ||
| 606 | 1 |
_aЗарубежная литература _jДокументы и материалы _z20 в. _91114206 _3RU\NLR\auth\66440508 |
|
| 610 | 0 | _aФилологические науки. Художественная литература -- Мировая литература -- Литературы, объединенные по языковому признаку -- Германская литература -- Литература на английском языке -- Материалы для изучения истории литературы -- Сборники | |
| 686 |
_aШ5(0)943.21,1я43 _2rubbk |
||
| 686 | _aШ5(0)6,1 | ||
| 702 | 1 |
_aРобертсон _bР. _4220 |
|
| 801 | 0 |
_aRU _bРКП _c20070117 _grcr |
|
| 801 | 1 |
_aRU _bРГБ _c20070117 |
|
| 801 | 2 |
_aRU _bNLR _c20070219 _grcr |
|
| 942 | _cBOOK | ||
| 980 | _aNB | ||